000 00673nam a2200241Ia 4500
003 OSt
005 20221002051214.0
006 a|||||r|||| 00| 0
007 ta
008 220930b |||||||| |||| 00| 0 eng d
024 _a22754
037 _cReference Collections
040 _aCRL
_cCRL
_beng
041 _2eng
_aeng
082 _aU25k, M0(RR)
100 _aParker Sybil P
_9429019
245 0 _aMcGraw-Hill encyclopedia of ocean and atmospheric sciences
260 _aNew York
_bMcGraw-Hill
_c1980
300 _a580p
_ccm.
650 _aGEOGRAPHY
942 _hU25k, M0(RR)
_cref
_2CC
999 _c916211
_d916211